| 000 | 08309nas1a22008411i 4500 | ||
|---|---|---|---|
| 001 | RU\NLR\INFOCOMM16\1000488157 | ||
| 005 | 20260407071920.0 | ||
| 011 | _a0235-5620 | ||
| 035 | _a(NLR Aleph) 003155008 | ||
| 090 |
_a3042502 _c3042502 |
||
| 100 | _a20031203a19819999|||y0rusy50 ca | ||
| 101 | 0 | _arus | |
| 102 | _aRU | ||
| 110 | _aahu||||0|y0 | ||
| 200 | 1 |
_aАктуальные проблемы Европы _eЭкономика, политика, идеология _eРеф. сб. _fАН СССР. ИНИОН |
|
| 210 |
_aМ. _d1981- |
||
| 225 | 1 | _aСерия "Актуальные проблемы Европы" | |
| 430 | 1 |
_12001#$aАктуальные проблемы Западной Европы _tАктуальные проблемы Западной Европы |
|
| 510 | 1 |
_aUrgent problems of Europe _zeng |
|
| 510 | 1 |
_aCurrent problems of Europe _zeng |
|
| 607 |
_aЕвропейские страны _jПериодические издания _xПолитика и управление _z1945 - _92194940 _3RU\NLR\AUTH\661319251 |
||
| 686 | 1 | _aТ3(0)63-5я54 | |
| 686 | 1 | _aФ3(4)я54 | |
| 712 | 0 | 2 |
_4570 _aИнститут научной информации по общественным наукам _cМосква _3RU\NLR\AUTH\88992 _9272425 |
| 712 | 0 | 2 |
_aЦентр научно-информационных исследований глобальных и региональных проблем _cМосква _3RU\NLR\AUTH\889997735 _9492752 |
| 801 | 2 |
_aRU _bNLR _c20070316 _2rusmarc |
|
| 801 | 1 |
_aRU _bInfoComm _c20031203 |
|
| 801 | 0 |
_aRU _bNLR _gPSBO |
|
| 852 |
_aNLR _jП22/4955 |
||
| 942 | _cJOURNAL | ||
| 980 | _aRUSPER | ||